Pensil warna : teknik dan kaedah penggunaan

Bibliographic Details
Main Author: Hazimi Malek
Format: Book
Published: Petaling Jaya : Eddiplex , 1996
Subjects:

MARC

LEADER 00000cam a2200000 7i4500
001 0000008135
002 000008875
005 20000330.0
020 |a 9838802700 
090 0 0 |a 745.5   |b HAZ 
100 1 |a Hazimi Malek 
245 1 0 |a Pensil warna :   |b teknik dan kaedah penggunaan   |c Hazimi Malek 
260 |a Petaling Jaya :   |b Eddiplex ,   |c 1996 
300 |a 32p. :   |b ill ;   |c 19cm. 
650 0 0 |a Artbrush art   |x Technique 
999 |a 045524   |b BUKU   |c PINJAMAN   |e PERPUSTAKAAN KOMUNITI CAW KOTA DAMANSARA 
999 |a 050498   |b BUKU   |c PINJAMAN   |e PERPUSTAKAAN KOMUNITI PETALING JAYA 
999 |a 050499   |b BUKU   |c PINJAMAN   |e PERPUSTAKAAN KOMUNITI PETALING JAYA